| 000 | 00729nam a2200229Ia 4500 | ||
|---|---|---|---|
| 003 | GCL | ||
| 008 | 140319s9999 xx 000 0 ara d | ||
| 040 |
_aGCL / _cGCL |
||
| 082 | 0 | 4 |
_a531.6 _bا ط |
| 100 | 1 | _aاحمد مدحت اسلام | |
| 245 | 1 | 0 |
_aالطاقة ومصادرها المختلفة / _cاحمد مدحت اسلام |
| 260 |
_a[S.N] : _bمركز الاهرام للترجمة والنشر ، _c1988 |
||
| 300 | _a252 ص | ||
| 490 | _a | ||
| 650 | 0 | 4 | _aالطاقة |
| 650 | 0 | 4 | _aالطاقة الشمسية |
| 650 | 0 | 4 | _aالطاقة الكيميائية |
| 650 | 0 | 4 | _aالطاقة النووية |
| 650 | 0 | 4 | _aمصادر الطاقة |
| 650 | 0 | 4 | _aالطاقة البترولية |
| 942 |
_2ddc _cBK |
||
| 999 |
_c37506 _d37506 |
||